[Event "Skalica op-B"]
[Site "Skalica"]
[Date "2022.08.26"]
[Round "7"]
[White "Svoboda, Daniel"]
[Black "Kubik, Jozef"]
[Result "1/2-1/2"]
[WhiteElo "1655"]
[BlackElo "1796"]
[PlyCount "49"]
[EventDate "2022.08.20"]
[EventType "swiss"]
[EventRounds "9"]
[EventCountry "SVK"]
[SourceTitle "CBM 209 Extra"]
[Source "ChessBase"]
[SourceDate "2022.09.30"]
[SourceVersion "1"]
[SourceVersionDate "2022.09.30"]
[SourceQuality "1"]

1. e4 e5 2. Nf3 Nc6 3. Nc3 Nf6 4. d4 exd4 5. Nxd4 Bb4 6. Nxc6 bxc6 7. Bd3 0-0 8. 0-0 d5 9. exd5 cxd5 10. Bg5 c6 11. Qf3 Bd6 12. Rae1 Rb8 13. Nd1 h6 14. Bxf6 Qxf6 15. Qxf6 gxf6 16. b3 d4 17. Nb2 Be6 18. Nc4 Bc7 19. Re2 Rfe8 20. Rfe1 Kf8 21. a4 c5 22. h3 Bd5 23. Rxe8+ Rxe8 24. Rxe8+ Kxe8 25. Bf5 1/2-1/2

[Event "SVK-chT2C 1516"]
[Site "Slovakia"]
[Date "2015.10.17"]
[Round "1.8"]
[White "Kubik, Jozef"]
[Black "Holly, Andrej"]
[Result "1-0"]
[WhiteElo "1741"]
[BlackElo "1607"]
[PlyCount "51"]
[EventDate "2015.10.17"]
[EventType "team-tourn"]
[EventRounds "11"]
[EventCountry "SVK"]
[SourceTitle "CBM 169 Extra"]
[Source "ChessBase"]
[SourceDate "2015.12.18"]
[SourceVersion "1"]
[SourceVersionDate "2015.12.18"]
[SourceQuality "1"]
[WhiteTeam "Kysucke Nove Mesto"]
[BlackTeam "Liptov Chess School III"]
[WhiteTeamCountry "SVK"]
[BlackTeamCountry "SVK"]

1. c4 Nf6 2. Nc3 g6 3. d4 Bg7 4. Nf3 0-0 5. g3 d6 6. Bg2 Nbd7 7. 0-0 e5 8. dxe5 dxe5 9. Qc2 c6 10. Rd1 Qc7 11. b3 Re8 12. Ba3 Bf8 13. Bb2 Bc5 14. e3 Nf8 15. Na4 Bf5 16. Qe2 N8d7 17. h3 Bb6 18. g4 Be4 19. g5 Nh5 20. Nxe5 Rxe5 21. Bxe5 Qxe5 22. Bxe4 Qxe4 23. Rxd7 Nf4 24. Qg4 Bxe3 25. Re1 h5 26. Rxe3 1-0

[Event "SVK-chT2C 1415"]
[Site "Slovakia"]
[Date "2015.02.15"]
[Round "9.7"]
[White "Halamova, Maria"]
[Black "Kubik, Jozef"]
[Result "1/2-1/2"]
[WhiteElo "1838"]
[BlackElo "1580"]
[PlyCount "28"]
[EventDate "2014.10.11"]
[EventType "team-tourn"]
[EventRounds "11"]
[EventCountry "SVK"]
[SourceTitle "EXT 2016"]
[Source "ChessBase"]
[SourceDate "2015.10.08"]
[SourceVersion "1"]
[SourceVersionDate "2015.10.08"]
[SourceQuality "1"]
[WhiteTeam "Zilina Mladost II"]
[BlackTeam "Kysucke Nove Mesto"]
[WhiteTeamCountry "SVK"]
[BlackTeamCountry "SVK"]

1. e4 e5 2. Nf3 Nc6 3. Bb5 a6 4. Ba4 Nf6 5. 0-0 Be7 6. Re1 b5 7. Bb3 0-0 8. c3 d6 9. h3 Bb7 10. d4 Na5 11. Bc2 Nd7 12. Nbd2 c5 13. Nf1 cxd4 14. cxd4 Nc6 1/2-1/2

[Event "Zilina-ch"]
[Site "Zilina"]
[Date "2014.05.10"]
[Round "3"]
[White "Kubik, Jozef"]
[Black "Paluch, Stefan"]
[Result "0-1"]
[WhiteElo "1510"]
[BlackElo "1851"]
[PlyCount "86"]
[EventDate "2014.05.09"]
[EventType "swiss"]
[EventRounds "6"]
[EventCountry "SVK"]
[SourceTitle "CBM 160 Extra"]
[Source "ChessBase"]
[SourceDate "2014.07.01"]
[SourceVersion "1"]
[SourceVersionDate "2014.07.01"]
[SourceQuality "1"]

1. c4 c5 2. Nc3 e6 3. Nf3 Be7 4. g3 Nc6 5. Bg2 Nf6 6. 0-0 a6 7. e3 0-0 8. b3 d6 9. d4 Qc7 10. Bb2 Rb8 11. Qe2 b6 12. dxc5 bxc5 13. Rfd1 Bb7 14. Ng5 h6 15. Nge4 Ne5 16. Nxf6+ Bxf6 17. Ne4 Bxe4 18. Bxe4 Nd7 19. Bg2 Bxb2 20. Qxb2 Ne5 21. Rd2 Nxc4 22. Qc3 Nxd2 23. Qxd2 a5 24. Rd1 Rfd8 25. Qc3 Qb6 26. Bf1 Qb4 27. Qxb4 axb4 28. e4 Ra8 29. Rd2 Ra3 30. Bd3 Kf8 31. f3 Ke7 32. Kf2 d5 33. Ke3 c4 34. Be2 cxb3 35. axb3 Rxb3+ 36. Rd3 Rxd3+ 37. Bxd3 d4+ 38. Kd2 Rc8 39. h4 e5 40. f4 f6 41. f5 Rc3 42. g4 b3 43. h5 Kd6 0-1

[Event "SVK-chT1E 1213"]
[Site "Slovakia"]
[Date "2013.02.24"]
[Round "9.1"]
[White "Hennel, Karol"]
[Black "Kubik, Jozef"]
[Result "1-0"]
[WhiteElo "2068"]
[BlackElo "1273"]
[PlyCount "71"]
[EventDate "2012.10.20"]
[EventType "team-tourn"]
[EventRounds "11"]
[EventCountry "SVK"]
[SourceTitle "EXT 2015"]
[Source "ChessBase"]
[SourceDate "2014.11.20"]
[SourceVersion "1"]
[SourceVersionDate "2014.11.20"]
[SourceQuality "1"]
[WhiteTeam "Kezmarok"]
[BlackTeam "Kysucke Nove Mesto"]
[WhiteTeamCountry "SVK"]
[BlackTeamCountry "SVK"]

1. e4 e5 2. f4 exf4 3. Bc4 d6 4. Nf3 Nf6 5. Nc3 Be7 6. d3 0-0 7. Bxf4 Be6 8. Bb3 Nc6 9. 0-0 h6 10. Qd2 Bxb3 11. axb3 Rc8 12. d4 d5 13. exd5 Nxd5 14. Nxd5 Qxd5 15. c4 Qd7 16. d5 Bc5+ 17. Kh1 Ne7 18. Ne5 Qd8 19. Bxh6 gxh6 20. Qxh6 Bd4 21. Nxf7 Rxf7 22. Rxf7 Kxf7 23. Rf1+ Kg8 24. Qe6+ Kh8 25. Rf3 Qd6 26. Rh3+ Kg7 27. Qg4+ Kf7 28. Qxd4 Qg6 29. Rf3+ Ke8 30. h3 Kd7 31. Rf6 Qg3 32. Qe4 Re8 33. d6 Qg8 34. dxe7 Rxe7 35. Qf5+ Re6 36. Rf7+ 1-0

[Event "SVK-chT1E 1213"]
[Site "Slovakia"]
[Date "2013.01.13"]
[Round "6.6"]
[White "Kubik, Jozef"]
[Black "Petras, Marian"]
[Result "0-1"]
[WhiteElo "1273"]
[BlackElo "1954"]
[PlyCount "70"]
[EventDate "2012.10.20"]
[EventType "team-tourn"]
[EventRounds "11"]
[EventCountry "SVK"]
[SourceTitle "EXT 2015"]
[Source "ChessBase"]
[SourceDate "2014.11.20"]
[SourceVersion "1"]
[SourceVersionDate "2014.11.20"]
[SourceQuality "1"]
[WhiteTeam "Kysucke Nove Mesto"]
[BlackTeam "Liptov Chess School"]
[WhiteTeamCountry "SVK"]
[BlackTeamCountry "SVK"]

1. d4 g6 2. c4 Nf6 3. Nc3 Bg7 4. e4 d6 5. Bg5 0-0 6. Nf3 Nbd7 7. Be2 e5 8. d5 h6 9. Be3 Ng4 10. Qc1 f5 11. h3 Nxe3 12. Qxe3 Nf6 13. Qd3 a6 14. b4 a5 15. b5 b6 16. Qc2 Nxe4 17. Nxe4 fxe4 18. Qxe4 Bf5 19. Qe3 Qf6 20. Rd1 Rae8 21. a3 Kh7 22. Rd2 g5 23. Bd1 Qg6 24. a4 Be4 25. Be2 Rf4 26. Qb3 Kg8 27. Kf1 h5 28. Ra2 Bxf3 29. gxf3 e4 30. Qc2 Bd4 31. Bd1 Qf6 32. Ra3 exf3 33. Qd2 Re2 34. Bxe2 fxe2+ 35. Ke1 Rxf2 0-1

[Event "SVK-chT1E 1213"]
[Site "Slovakia"]
[Date "2012.10.21"]
[Round "2.8"]
[White "Istona, Martin"]
[Black "Kubik, Jozef"]
[Result "1-0"]
[WhiteElo "2071"]
[BlackElo "1273"]
[PlyCount "79"]
[EventDate "2012.10.20"]
[EventType "team-tourn"]
[EventRounds "11"]
[EventCountry "SVK"]
[SourceTitle "EXT 2014"]
[Source "ChessBase"]
[SourceDate "2013.11.20"]
[SourceVersion "1"]
[SourceVersionDate "2013.11.20"]
[SourceQuality "1"]
[WhiteTeam "Sabinov"]
[BlackTeam "Kysucke Nove Mesto"]
[WhiteTeamCountry "SVK"]
[BlackTeamCountry "SVK"]

1. e4 e5 2. Nf3 Nc6 3. Bc4 Bc5 4. c3 Nf6 5. d4 exd4 6. cxd4 Bb4+ 7. Nc3 Nxe4 8. 0-0 Bxc3 9. d5 Ne7 10. bxc3 d6 11. Re1 Nc5 12. Qe2 h6 13. Be3 Nd7 14. Bd4 Rg8 15. Nd2 Kf8 16. Qe4 Ng6 17. f4 Qe7 18. Qf3 Qh4 19. g3 Qd8 20. Re3 Nf6 21. Rae1 Bd7 22. f5 Nh8 23. Qf4 Nh5 24. Qf3 Nf6 25. Kh1 a6 26. g4 Bb5 27. Bb3 Bd7 28. c4 b6 29. Qf4 Nh7 30. Ne4 f6 31. Nxd6 Rb8 32. Ne4 Kf7 33. c5 Kf8 34. c6 Bc8 35. d6 cxd6 36. Nxd6 Bd7 37. cxd7 Qxd7 38. Re8+ Rxe8 39. Rxe8+ Qxe8 40. Nxe8 1-0

[Event "SVK-ch U16"]
[Site "Lubovnianske Kupele"]
[Date "2012.03.23"]
[Round "8"]
[White "Kacir, Tomas"]
[Black "Kubik, Jozef"]
[Result "1/2-1/2"]
[WhiteElo "1568"]
[BlackElo "1267"]
[PlyCount "43"]
[EventDate "2012.03.17"]
[EventType "swiss"]
[EventRounds "9"]
[EventCountry "SVK"]
[SourceTitle "CBM 147 Extra"]
[Source "ChessBase"]
[SourceDate "2012.04.24"]
[SourceVersion "1"]
[SourceVersionDate "2012.04.24"]
[SourceQuality "1"]

1. c4 Nf6 2. Nc3 d5 3. cxd5 Nxd5 4. d4 Nc6 5. g3 Nxc3 6. bxc3 b6 7. Bg2 Bb7 8. e3 e6 9. Ne2 Bd6 10. 0-0 0-0 11. Bd2 Qc8 12. Qc2 Ne7 13. Bxb7 Qxb7 14. Rfb1 Qf3 15. Nc1 Rfd8 16. Nb3 Qe2 17. a4 a5 18. c4 Bb4 19. Re1 Qf3 20. Bxb4 axb4 21. c5 Qc6 22. Qc4 1/2-1/2